Электронный осциллограф

Bibliografiske detaljer
Hovedforfatter: Стекольников И. С.
Summary:В книге изложены теоретические основы электронной оптики осциллографа, теория получения фотографических изображений от электронного пучка, конструкция осциллографов с холодным и горячим катодами, схемы, регистрации различных процессов при помощи осциллографа. Книга рассчитана на широкий круг научных работников, инженеров и физиков и доступна студентам старших курсов энергетических вузов.
Sprog:russisk
Udgivet: Москва, Государственное энергетическое изд-во, 1949
Udgivelse:2-е изд., перераб.
Fag:
Format: MixedMaterials Bog
KOHA link:https://koha.lib.tpu.ru/cgi-bin/koha/opac-detail.pl?biblionumber=351000

MARC

LEADER 00000nam0a2200000 4500
001 351000
005 20231102010347.0
035 |a (RuTPU)RU\TPU\retro\5399 
090 |a 351000 
100 |a 20190318d1949 km y0rusy50 ca 
101 0 |a rus 
102 |a RU 
105 |a a z 001zy 
200 1 |a Электронный осциллограф  |f И. С. Стекольников 
205 |a 2-е изд., перераб. 
210 |a Москва  |a Ленинград  |c Государственное энергетическое изд-во  |d 1949 
215 |a 416 с.  |c ил. 
316 |5 63413507: КР-6338  |a На переднем форзаце владельческая надпись: "А. Воробьев. 5.9.49" 
317 |5 63413507: КР-6338  |a Поступила в НТБ в 1987 г. в дар от вдовы ученого Е. К. Завадовской 
320 |a Библиогр.: с. 411-413 
320 |a Предметный указатель: с. 414-416 
330 |a В книге изложены теоретические основы электронной оптики осциллографа, теория получения фотографических изображений от электронного пучка, конструкция осциллографов с холодным и горячим катодами, схемы, регистрации различных процессов при помощи осциллографа. Книга рассчитана на широкий круг научных работников, инженеров и физиков и доступна студентам старших курсов энергетических вузов. 
606 1 |a Осциллографы электронные  |2 stltpush  |3 (RuTPU)RU\TPU\subj\47621  |9 66543 
610 1 |a физические основы 
610 1 |a электроны 
610 1 |a движение 
610 1 |a электрические поля 
610 1 |a магнитные поля 
610 1 |a катодные лучи 
610 1 |a действие 
610 1 |a светочувствительные эмульсии 
610 1 |a флуоресцирующие вещества 
610 1 |a конструкции 
610 1 |a осциллографические схемы 
610 1 |a осциллографирование 
610 1 |a применение 
610 1 |a библиотека А. А. Воробьева 
610 1 |a дары библиотеке 
610 1 |a владельческая надпись 
675 |a 621.317.755  |v 4 
700 1 |a Стекольников  |b И. С. 
801 1 |a RU  |b 63413507  |c 20190318 
801 2 |a RU  |b 63413507  |c 20190606  |g RCR 
942 |c BK